[Event "East Detroit (MCO/5/43)"]
[Site "?"]
[Date "1985.??.??"]
[Round "?"]
[White "Nelson, M.."]
[Black "Griffin, John"]
[Result "1/2-1/2"]
[WhiteElo "1605"]
[BlackElo "1605"]
[PlyCount "146"]
[EventDate "1985.??.??"]

{5/(43)} 1. d4 d5 2. c4 e6 3. Nc3 Nf6 4. Bg5 Be7 5. e3 h6 6. Bf4 c6 7. Nf3 O-O
8. Bd3 dxc4 9. Bxc4 b5 10. Bd3 Bb7 11. Qc2 Bd6 12. Bg3 Qc7 13. Rc1 Bxg3 14.
hxg3 Nbd7 15. Nxb5 Qa5+ 16. Nc3 Rac8 17. b4 Qc7 18. Ke2 Qb8 19. a3 Ne8 20. Ng5
Nd6 21. Rh2 f5 22. Nxe6 Rf6 23. Nc5 Nb6 24. Nxb7 Qxb7 25. Rh4 Rcf8 26. f3 Qd7
27. e4 fxe4 28. Nxe4 Nxe4 29. Bxe4 Re8 30. Kf1 Nd5 31. Qd3 Ne7 32. Rc5 Rd8 33.
Re5 Kh8 34. Ke2 Rd6 35. d5 Nxd5 36. Bxd5 Rxd5 37. Rxd5 cxd5 38. Kd2 Qd6 39. f4
Kg8 40. Qd4 Rd7 41. Rh5 Kh7 42. Re5 Qb6 43. Qc5 Qd6 44. Qxd6 Rxd6 45. Re7 Ra6
46. Re3 Kg6 47. g4 Kf6 48. Rd3 Ke6 49. Ke3 Rc6 50. g5 hxg5 51. fxg5 g6 52. Kd2
Ke5 53. Rf3 a6 54. g4 d4 55. Rg3 Ke4 56. Rd3 Rc4 57. Rg3 Kf4 58. Rg1 Rc3 59.
Re1 Rxa3 60. Re6 Kxg5 61. Rd6 Ra4 62. Rxd4 Ra2+ 63. Kc3 Rg2 64. Rd6 Rxg4 65.
Rxa6 Kf5 66. b5 Re4 67. Ra8 Re3+ 68. Kd2 Rb3 69. Rb8 Ke6 70. b6 Kd7 71. b7 g5
72. Rg8 Kc7 73. Rxg5 Rxb7 1/2-1/2

[Event "East Detroit (MCO/2/43)"]
[Site "?"]
[Date "1985.??.??"]
[Round "?"]
[White "Nelson, M.."]
[Black "DeJongh, John"]
[Result "0-1"]
[WhiteElo "1605"]
[BlackElo "1615"]
[PlyCount "76"]
[EventDate "1985.??.??"]

{2/(43)} 1. d4 d5 2. c4 e6 3. Nc3 Nf6 4. Bg5 Nbd7 5. Qc2 c6 6. e3 Qa5 7. a3 Ne4
8. b4 Bxb4 9. Rc1 Nxg5 10. axb4 Qxb4 11. c5 Ne4 12. Nge2 Qa5 13. f3 Nxc3 14.
Nxc3 Qd8 15. Bd3 Nf6 16. Ne2 Bd7 17. O-O O-O 18. e4 dxe4 19. fxe4 h6 20. e5 Nd5
21. Rb1 Ne3 22. Bh7+ Kh8 23. Qd3 Nxf1 24. Rxf1 f5 25. exf6 Rxf6 26. Ng3 Rxf1+
27. Kxf1 Qf6+ 28. Kg1 Be8 29. Be4 Bf7 30. Bf3 Rd8 31. Ne2 e5 32. Qa3 exd4 33.
Qxa7 d3 34. Ng3 d2 35. Qa4 Qd4+ 36. Qxd4 Rxd4 37. Bd1 Bg6 38. Nf1 Rc4 0-1

[Event "Westland (SEMO/3/9)"]
[Site "?"]
[Date "1985.??.??"]
[Round "?"]
[White "Murray, David"]
[Black "Selitsky, B.."]
[Result "0-1"]
[WhiteElo "2060"]
[BlackElo "1780"]
[PlyCount "40"]
[EventDate "1985.??.??"]

{3/(9)} 1. e4 c5 2. Nf3 Nc6 3. d4 cxd4 4. Nxd4 Nf6 5. Nc3 e5 6. Ndb5 d6 7. Bg5
a6 8. Bxf6 gxf6 9. Na3 b5 10. Nd5 f5 11. c4 Qa5+ 12. Qd2 Qxd2+ 13. Kxd2 Bh6+
14. Kd1 O-O 15. cxb5 Nd4 16. Ne7+ Kh8 17. Nxc8 Rfxc8 18. bxa6 fxe4 19. b4 Rc3
20. Nb1 Rc1# 0-1

[Event "East Lansing (MI Op/3/19)"]
[Site "?"]
[Date "1985.??.??"]
[Round "?"]
[White "Murray, David"]
[Black "Owens, James"]
[Result "0-1"]
[WhiteElo "2060"]
[BlackElo "1860"]
[PlyCount "36"]
[EventDate "1985.??.??"]

{3/(19)} 1. e4 e6 2. d4 d5 3. e5 c5 4. c3 Qb6 5. Nf3 Nc6 6. Bd3 Bd7 7. O-O cxd4
8. cxd4 Nxd4 9. Nxd4 Qxd4 10. Nc3 Qxe5 11. Bb5 Nf6 12. Re1 Qd6 13. Bg5 Be7 14.
Bxf6 gxf6 15. Qa4 a6 16. Rac1 Rd8 17. Ne4 dxe4 18. Red1 Bxb5 0-1

[Event "Westland (SEMO/1a/7)"]
[Site "?"]
[Date "1985.??.??"]
[Round "?"]
[White "Murray, David"]
[Black "Demetruk, D.."]
[Result "0-1"]
[WhiteElo "2060"]
[BlackElo "1900"]
[PlyCount "52"]
[EventDate "1985.??.??"]

1. e4 c5 2. Nf3 d6 3. d4 cxd4 4. Nxd4 Nf6 5. Nc3 g6 6. Bc4 Bg7 7. f3 Nc6 8. Be3
O-O 9. Qd2 Bd7 10. O-O-O Ne5 11. Bb3 Qa5 12. Kb1 Rfc8 13. h4 Nc4 14. Bxc4 Rxc4
15. h5 Nxh5 16. Nb3 Qb4 17. Bh6 Bxc3 18. bxc3 Qxc3 19. Qf2 Rac8 20. g4 Nf6 21.
Rd2 a5 22. e5 dxe5 23. g5 Bf5 24. Rc1 a4 25. Qb6 a3 26. Rd8+ Ne8 0-1

[Event "East Lansing (MI Op/1b/11)"]
[Site "?"]
[Date "1985.??.??"]
[Round "?"]
[White "Murray, David"]
[Black "Boes, Jeff"]
[Result "1-0"]
[WhiteElo "2060"]
[BlackElo "1805"]
[PlyCount "71"]
[EventDate "1985.??.??"]

1. e4 e5 2. f4 Qh4+ 3. g3 Qe7 4. Nf3 d6 5. Nc3 Nf6 6. f5 Bd7 7. Bc4 Bc6 8. Ng5
d5 9. exd5 Nxd5 10. Nxd5 Qxg5 11. d4 Qxf5 12. Rf1 Qe4+ 13. Ne3 exd4 14. Bxf7+
Ke7 15. Rf4 Qe5 16. Rf5 Qe4 17. Qh5 Kd7 18. Re5 Qf3 19. Be6+ Kd8 20. Qh4+ Qf6
21. Qxd4+ Bd6 22. Ng4 Qf8 23. Bg5+ Ke8 24. Bf7+ Kd7 25. Re7+ Kc8 26. Be6+ Bd7
27. Rxd7 Nxd7 28. Ne5 Bxe5 29. Bxd7+ Kb8 30. Qxe5 a6 31. O-O-O Ra7 32. Be3 b6
33. Bxb6 Rb7 34. Bc5 Qf6 35. Qxf6 gxf6 36. Bc6 1-0

[Event "East Lansing (MI Op/3/34)"]
[Site "?"]
[Date "1985.??.??"]
[Round "?"]
[White "Morris, Jewell"]
[Black "Stockham, James"]
[Result "0-1"]
[WhiteElo "1805"]
[BlackElo "1820"]
[PlyCount "68"]
[EventDate "1985.??.??"]

{3/(34)} 1. e4 c6 2. d4 d5 3. e5 Bf5 4. Bd3 Bxd3 5. Qxd3 e6 6. Nf3 Qb6 7. O-O
c5 8. c3 Nc6 9. a3 cxd4 10. cxd4 Nge7 11. Ng5 Qxd4 12. Qxd4 Nxd4 13. Nd2 Nec6
14. f4 Bc5 15. Kh1 O-O 16. Ngf3 Nxf3 17. Nxf3 Nd4 18. Nxd4 Bxd4 19. Rd1 Bb6 20.
b4 Rfc8 21. Ra2 Rc4 22. Rad2 Rac8 23. Bb2 Rxf4 24. g3 Rf2 25. a4 Rxd2 26. Rxd2
Rc4 27. a5 Bd8 28. Ba3 Be7 29. Rb2 g6 30. Rb3 h5 31. b5 Bxa3 32. Rxa3 Rb4 33.
b6 axb6 34. axb6 Rxb6 0-1

[Event "East Lansing (MI Op/1b/12)"]
[Site "?"]
[Date "1985.??.??"]
[Round "?"]
[White "Morris, Jewell"]
[Black "Baze, Lineas"]
[Result "0-1"]
[WhiteElo "1805"]
[BlackElo "2060"]
[PlyCount "130"]
[EventDate "1985.??.??"]

1. e4 c5 2. Bc4 e6 3. Nc3 a6 4. a4 Nc6 5. Nf3 Nge7 6. d3 d5 7. exd5 Nxd5 8.
Bxd5 exd5 9. O-O Be7 10. Bf4 O-O 11. Rb1 Bg4 12. h3 Be6 13. b3 Bf6 14. Qd2 Qa5
15. Ne2 Qxd2 16. Nxd2 Rfe8 17. Ng3 Nb4 18. Rfc1 Rac8 19. Nf3 h6 20. Bd2 Nc6 21.
b4 cxb4 22. Bxb4 Nxb4 23. Rxb4 Rc7 24. Nd4 g6 25. Nge2 Bd7 26. a5 Be7 27. Rb3
Ba4 28. Rc3 Rec8 29. Rxc7 Rxc7 30. c3 Bc5 31. Nc2 Bb5 32. Nb4 Rd7 33. Rc2 Bxb4
34. cxb4 Bxd3 35. Rd2 Bxe2 36. Rxe2 d4 37. f3 d3 38. Rd2 Rd4 39. Kf2 Rxb4 40.
Rxd3 Kf8 41. Rd7 Kg7 42. h4 Rxh4 43. Rxb7 Ra4 44. Ra7 Rxa5 45. g4 Ra3 46. Kg3
a5 47. Kf4 a4 48. Ra5 Ra1 49. Kg3 a3 50. Kf2 a2 51. Ra6 Rh1 52. Kg2 a1=Q 53.
Rxa1 Rxa1 54. Kg3 Kf6 55. Kf4 Ra4+ 56. Kg3 g5 57. Kf2 Ke5 58. Kg3 f6 59. f4+
Rxf4 60. Kg2 Rxg4+ 61. Kh3 h5 62. Kh2 Kf4 63. Kh3 Kf3 64. Kh2 Kf2 65. Kh3 Rh4#
0-1

[Event "East Lansing (MI Op/5/29)"]
[Site "?"]
[Date "1985.??.??"]
[Round "?"]
[White "Morneau, F.."]
[Black "Triplett, Thomas"]
[Result "1-0"]
[WhiteElo "1660"]
[BlackElo "1870"]
[PlyCount "141"]
[EventDate "1985.??.??"]

{5/(29)} 1. e4 e5 2. Nf3 Nc6 3. Bb5 a6 4. Ba4 b5 5. Bb3 Be7 6. O-O Nf6 7. Re1
O-O 8. c3 d6 9. h3 Na5 10. Bc2 c5 11. d4 Qc7 12. a4 Bb7 13. d5 Rfc8 14. Nbd2 b4
15. Nf1 Nc4 16. Bd3 Nb6 17. a5 Nbd7 18. cxb4 cxb4 19. Bd2 Nc5 20. Bxb4 Qd8 21.
Ne3 Ncd7 22. Qd2 g6 23. Rac1 Rcb8 24. Nc4 Qf8 25. Qc3 Bxd5 26. Bxd6 Bxd6 27.
Nxd6 Qxd6 28. exd5 Nxd5 29. Qc6 Qxc6 30. Rxc6 Nb4 31. Rd6 Nxd3 32. Rxd3 e4 33.
Rxd7 exf3 34. Ree7 Rf8 35. Ra7 Rab8 36. Reb7 fxg2 37. Kxg2 Kg7 38. Rb6 Rxb6 39.
axb6 Rb8 40. Rxa6 Rb7 41. Kf3 Kf6 42. Ke4 Ke6 43. Kd4 Kd6 44. Kc4 Kc6 45. b4
Rb8 46. Ra7 Kxb6 47. Rxf7 Rc8+ 48. Kb3 Kb5 49. Rb7+ Kc6 50. Rxh7 Rf8 51. Rg7
Rxf2 52. Rxg6+ Kb5 53. Rg5+ Kb6 54. h4 Rf3+ 55. Ka4 Rf1 56. Rg6+ Kb7 57. Kb3
Rf3+ 58. Ka4 Rf1 59. Rg3 Rh1 60. Rg4 Kb6 61. Kb3 Rf1 62. Kc4 Rc1+ 63. Kd5 Rc6
64. h5 Kb5 65. Rh4 Rh6 66. Ke5 Kc6 67. Kf5 Kd7 68. Kg5 Rb6 69. h6 Ke7 70. h7
Rb5+ 71. Kg6 1-0

[Event "East Lansing (MI Op/4/30)"]
[Site "?"]
[Date "1985.??.??"]
[Round "?"]
[White "Morneau, F.."]
[Black "Skidmore, Mike"]
[Result "0-1"]
[WhiteElo "1660"]
[BlackElo "1860"]
[PlyCount "54"]
[EventDate "1985.??.??"]

{4/(30)} 1. e4 c5 2. Nf3 d6 3. d4 cxd4 4. Nxd4 Nf6 5. Nc3 e6 6. Be2 a6 7. Bg5
Be7 8. Qd2 Nbd7 9. f4 O-O 10. O-O-O Qc7 11. Nf3 Nc5 12. Bxf6 Bxf6 13. Qxd6 Qxd6
14. Rxd6 Bxc3 15. bxc3 Nxe4 16. Rd4 Nxc3 17. Bc4 b5 18. Bb3 Ne2+ 19. Kb2 Nxd4
20. Nxd4 Bb7 21. Rg1 Rfd8 22. c3 b4 23. g4 bxc3+ 24. Kxc3 Rac8+ 25. Kd3 Rd6 26.
Rd1 Bf3 27. g5 Bxd1 0-1

[Event "East Lansing (MI Op/7/22)"]
[Site "?"]
[Date "1985.??.??"]
[Round "?"]
[White "Morneau, F.."]
[Black "Shields, Phil"]
[Result "0-1"]
[WhiteElo "1660"]
[BlackElo "1960"]
[PlyCount "90"]
[EventDate "1985.??.??"]

{7/(22)} 1. e4 Nf6 2. e5 Nd5 3. d4 d6 4. c4 Nb6 5. Nf3 g6 6. b3 Bg7 7. Bb2 O-O
8. Bd3 Bg4 9. h3 Bd7 10. Nbd2 Nc6 11. Ne4 dxe5 12. dxe5 Bf5 13. Nc5 Nd7 14.
Nxb7 Qc8 15. Bxf5 gxf5 16. Ng5 h6 17. Nxf7 Qxb7 18. Qxd7 Rxf7 19. e6 Rff8 20.
Bxg7 Kxg7 21. Qd2 Qb4 22. Qxb4 Nxb4 23. O-O Rad8 24. a3 Nc2 25. Rad1 Nd4 26.
Rfe1 Nxb3 27. Rd7 Rxd7 28. exd7 Kf6 29. Rd1 Rd8 30. Rd5 c6 31. Rd1 Nc5 32. Kf1
Rxd7 33. Rc1 Rd3 34. f4 Rxa3 35. Ke2 a5 36. Rb1 Rb3 37. Rc1 a4 38. Kd1 a3 39.
Ra1 Na4 40. Kc1 Nb6 41. Kc2 Rb2+ 42. Kc3 Na4+ 43. Kd3 a2 44. g4 Rh2 45. Rxa2
Rxa2 0-1

[Event "East Detroit (MCO/5/35)"]
[Site "?"]
[Date "1985.??.??"]
[Round "?"]
[White "Morneau, F.."]
[Black "Praedel, R.."]
[Result "1/2-1/2"]
[WhiteElo "1660"]
[BlackElo "1620"]
[PlyCount "55"]
[EventDate "1985.??.??"]

{5/(35)} 1. e4 c5 2. Nf3 d6 3. d4 cxd4 4. Nxd4 Nf6 5. Nc3 a6 6. Be2 g6 7. Be3
Bg7 8. Qd2 Nc6 9. O-O-O O-O 10. Nxc6 bxc6 11. e5 Nd5 12. Nxd5 cxd5 13. Bh6 Bxh6
14. Qxh6 dxe5 15. h4 Qd6 16. h5 Bb7 17. hxg6 Qxg6 18. Qe3 Rac8 19. Bd3 e4 20.
Rh6 Qg7 21. Rdh1 exd3 22. Qxd3 f5 23. Rxh7 Qxh7 24. Rxh7 Kxh7 25. Qe2 Rf7 26.
Qe6 Kg8 27. Qb6 e5 28. Qg6+ 1/2-1/2

[Event "East Detroit (MCO/2/24)"]
[Site "?"]
[Date "1985.??.??"]
[Round "?"]
[White "Morneau, F.."]
[Black "Mills, J.."]
[Result "0-1"]
[WhiteElo "1660"]
[BlackElo "2210"]
[PlyCount "56"]
[EventDate "1985.??.??"]

{2/(24)} 1. e4 c6 2. d4 d5 3. Nc3 dxe4 4. Nxe4 Nf6 5. Nxf6+ gxf6 6. Nf3 Bg4 7.
Be2 e6 8. Be3 Nd7 9. h3 Bh5 10. Qd2 Bd6 11. O-O Qc7 12. c4 O-O-O 13. b4 Bxf3
14. Bxf3 f5 15. Rfc1 f4 16. b5 fxe3 17. fxe3 c5 18. a4 cxd4 19. exd4 Bf4 20.
Qb4 Bxc1 21. Rxc1 Qf4 22. Qc3 e5 23. c5 Qxd4+ 24. Qxd4 exd4 25. c6 bxc6 26.
bxc6 Ne5 27. Be4 Kc7 28. Rc5 Rhe8 0-1

[Event "East Detroit (MCO/4/25)"]
[Site "?"]
[Date "1985.??.??"]
[Round "?"]
[White "Morneau, F.."]
[Black "Gipson, John"]
[Result "0-1"]
[WhiteElo "1660"]
[BlackElo "1930"]
[PlyCount "68"]
[EventDate "1985.??.??"]

{4/(25)} 1. e4 e6 2. d4 d5 3. Nc3 Nf6 4. Bg5 Be7 5. e5 Nfd7 6. Bxe7 Qxe7 7. f4
a6 8. Nf3 c5 9. Be2 Nc6 10. Qd2 b5 11. O-O Bb7 12. Nd1 f6 13. c3 Rc8 14. Ne3
O-O 15. Bd3 f5 16. Rad1 Qe8 17. g3 Nd8 18. Qg2 Qh5 19. Be2 h6 20. Nh4 Qf7 21.
g4 fxg4 22. Nxg4 Kh8 23. Nxh6 gxh6 24. Ng6+ Qxg6 25. Qxg6 Rg8 26. Qxg8+ Kxg8
27. f5 exf5 28. Bd3 cxd4 29. cxd4 Rc7 30. Bxf5 Nf8 31. Rd2 Nde6 32. Bxe6+ Nxe6
33. Rf6 Ng5 34. Rxh6 Nf3+ 0-1

[Event "East Lansing (MI Op/7/23)"]
[Site "?"]
[Date "1985.??.??"]
[Round "?"]
[White "Moore, Robert"]
[Black "Eagle, Chris"]
[Result "1-0"]
[WhiteElo "1815"]
[BlackElo "1940"]
[PlyCount "70"]
[EventDate "1985.??.??"]

{7/(23)} 1. e4 e5 2. Nf3 Nc6 3. Bb5 a6 4. Ba4 Nf6 5. O-O Be7 6. Re1 b5 7. Bb3
O-O 8. c3 d5 9. exd5 Nxd5 10. d3 Bg4 11. h3 Bh5 12. Nbd2 Nf4 13. Ne4 Nxd3 14.
Re3 Nxc1 15. Rxc1 Na5 16. Rd3 Qc8 17. Rd7 Nxb3 18. axb3 Bxf3 19. gxf3 Rd8 20.
Rxd8+ Qxd8 21. Qe2 Qc8 22. Kg2 Qe6 23. b4 f5 24. Ng3 Bd6 25. Qd3 Rf8 26. Rg1 g6
27. Rh1 Rd8 28. Qc2 Be7 29. h4 Qc4 30. h5 Qd3 31. Qb3+ Qd5 32. Qc2 Qe6 33. hxg6
hxg6 34. Qc1 Qf6 35. Rh6 Qg5 1-0

[Event "East Lansing (MI Op/6/24)"]
[Site "?"]
[Date "1985.??.??"]
[Round "?"]
[White "Moore, Robert"]
[Black "Chandler, P.."]
[Result "0-1"]
[WhiteElo "1815"]
[BlackElo "1900"]
[PlyCount "56"]
[EventDate "1985.??.??"]

{6/(24)} 1. e4 c5 2. Nf3 d6 3. d4 cxd4 4. Nxd4 Nf6 5. Nc3 a6 6. Bg5 e6 7. f4
Nbd7 8. Qf3 Qc7 9. h3 Be7 10. g4 h6 11. Bxf6 Bxf6 12. O-O-O b5 13. Bxb5 axb5
14. Ndxb5 Qa5 15. Nxd6+ Kf8 16. Nxc8 Rxc8 17. e5 Nxe5 18. fxe5 Bxe5 19. Rd7 Kg8
20. Qxf7+ Kh7 21. Qxe6 Rhf8 22. Rd5 Bf4+ 23. Kb1 Qb4 24. a3 Qb7 25. Rhd1 Rxc3
26. Rd7 Rc7 27. Qe7 Be5 28. b3 Rxd7 0-1

[Event "East Lansing (MI Op/3/28)"]
[Site "?"]
[Date "1985.??.??"]
[Round "?"]
[White "Moore, Robert"]
[Black "Beydoun, N.."]
[Result "1/2-1/2"]
[WhiteElo "1815"]
[BlackElo "1975"]
[PlyCount "104"]
[EventDate "1985.??.??"]

{3/(28)} 1. e4 c5 2. Nf3 d6 3. d4 cxd4 4. Nxd4 Nf6 5. Nc3 a6 6. Bg5 e6 7. f4
Qb6 8. Bxf6 gxf6 9. Nb3 Qe3+ 10. Be2 Qxf4 11. g3 Qe5 12. Qd2 b5 13. a3 Bb7 14.
Qf4 Nd7 15. Qxe5 Nxe5 16. Na5 O-O-O 17. Nxb7 Kxb7 18. Rf1 Be7 19. Bh5 Rc8 20.
O-O-O Rhg8 21. Ne2 Rc4 22. Rd4 Rgc8 23. Rxc4 Rxc4 24. Nc3 Kc8 25. Be2 Rc6 26.
Na2 Nc4 27. Nb4 Rb6 28. Bh5 Ne5 29. Nd3 Ng6 30. Rf3 Kd8 31. Nf2 Ne5 32. Rc3 Kd7
33. Be2 Rc6 34. Rxc6 Kxc6 35. Nd3 h6 36. Nb4+ Kb6 37. Nd3 f5 38. Nxe5 dxe5 39.
exf5 exf5 40. Bh5 f6 41. Bg6 f4 42. gxf4 exf4 43. Be4 Kc5 44. c3 a5 45. Kd2 b4
46. cxb4+ axb4 47. axb4+ Kd4 48. Bb7 Bxb4+ 49. Ke2 Bd6 50. Kf3 Be5 51. b3 Kd3
52. h4 Kc3 1/2-1/2

[Event "East Lansing (MI Op/1a/9)"]
[Site "?"]
[Date "1985.??.??"]
[Round "?"]
[White "Moore, Robert"]
[Black "Bailey, Greg"]
[Result "0-1"]
[WhiteElo "1815"]
[BlackElo "2065"]
[PlyCount "66"]
[EventDate "1985.??.??"]

1. e4 c6 2. d4 d5 3. exd5 cxd5 4. h3 Nf6 5. Nf3 Bf5 6. Bb5+ Nc6 7. Ne5 Qa5+ 8.
Nc3 Rc8 9. Bd2 a6 10. Bxc6+ bxc6 11. Ne4 Qa4 12. Ng5 Bxc2 13. Qe2 Bg6 14. Bc3
Ne4 15. Nxe4 Bxe4 16. O-O e6 17. Qh5 g6 18. Qh4 Bg7 19. Qf4 f6 20. Ng4 O-O 21.
Rfe1 h5 22. Nh2 g5 23. Qd2 Rce8 24. f3 Bg6 25. Bb4 Rf7 26. Re3 Rb7 27. Bc5 Qc2
28. Qxc2 Bxc2 29. Rc3 Bg6 30. b4 e5 31. dxe5 fxe5 32. Bd6 e4 33. Rxc6 Bxa1 0-1

[Event "East Lansing (MI Op/7/21)"]
[Site "?"]
[Date "1985.??.??"]
[Round "?"]
[White "Moody, David"]
[Black "Triplett, Thomas"]
[Result "1-0"]
[WhiteElo "2060"]
[BlackElo "1870"]
[PlyCount "81"]
[EventDate "1985.??.??"]

{7/(21)} 1. e4 c5 2. Nf3 d6 3. d4 cxd4 4. Nxd4 Nf6 5. Nc3 a6 6. Bg5 e6 7. f4
Be7 8. Qf3 Nbd7 9. Bc4 O-O 10. O-O-O b5 11. e5 Rb8 12. exf6 Nxf6 13. Nc6 Bb7
14. Bd3 Qc7 15. Nxe7+ Qxe7 16. Qh3 h6 17. Bxf6 Qxf6 18. Rhf1 Rfc8 19. g4 Kf8
20. Ne4 Qd4 21. Qf3 Qb6 22. f5 Bxe4 23. Bxe4 e5 24. f6 g6 25. Qd3 Rd8 26. Rf3
Rbc8 27. Rh3 d5 28. Rxh6 Qxf6 29. Bxd5 Rc7 30. Qh3 Qf2 31. Rh8+ Ke7 32. Qh4+
Qxh4 33. Rxh4 Kf6 34. Rh7 Re7 35. Bxf7 Rxd1+ 36. Kxd1 Rxf7 37. Rxf7+ Kxf7 38.
h4 Ke6 39. Ke2 e4 40. Ke3 Ke5 41. h5 1-0

[Event "East Lansing (MI Op/1a/10)"]
[Site "?"]
[Date "1985.??.??"]
[Round "?"]
[White "Moody, David"]
[Black "Thurman, John"]
[Result "0-1"]
[WhiteElo "2060"]
[BlackElo "1805"]
[PlyCount "108"]
[EventDate "1985.??.??"]

1. e4 c5 2. Nf3 e6 3. d4 cxd4 4. Nxd4 Nf6 5. Bd3 Bc5 6. Be3 Qb6 7. c3 e5 8. Nf5
Bxe3 9. fxe3 g6 10. Ng3 Qxe3+ 11. Qe2 Qxe2+ 12. Kxe2 d5 13. Rf1 Ke7 14. Nd2
dxe4 15. Bc4 Be6 16. Bxe6 Kxe6 17. Ngxe4 Nxe4 18. Nxe4 Ke7 19. Nf6 Nc6 20. Rad1
Rad8 21. Nd5+ Kf8 22. Nf6 Kg7 23. Rd3 Rxd3 24. Kxd3 Rd8+ 25. Ke4 Rd2 26. b4 b5
27. Ne8+ Kf8 28. Nc7 f5+ 29. Ke3 Rxa2 30. Rd1 Ke7 31. Nxb5 Rxg2 32. Rd6 a6 33.
Rxc6 axb5 34. Rc7+ Kd6 35. Rxh7 Kd5 36. h4 Rg3+ 37. Kd2 Ke4 38. Rb7 Rg2+ 39.
Ke1 Kd3 40. Rxb5 e4 41. Rd5+ Ke3 42. Kf1 Rc2 43. h5 Kf3 44. Ke1 e3 45. hxg6 f4
46. Rd3 Rh2 47. Kd1 Rh1+ 48. Kc2 Ke2 49. g7 Rg1 50. Rd7 f3 51. b5 f2 52. Rf7
f1=Q 53. Rxf1 Kxf1 54. b6 Rxg7 0-1

[Event "Westland (SEMO/3/18)"]
[Site "?"]
[Date "1985.??.??"]
[Round "?"]
[White "Moody, David"]
[Black "Steverson, Bunnard"]
[Result "1-0"]
[WhiteElo "2015"]
[BlackElo "1645"]
[PlyCount "65"]
[EventDate "1985.??.??"]

{3/(18)} 1. e4 d6 2. Nf3 Nf6 3. c3 g6 4. Bd3 Bg7 5. Bc2 O-O 6. d4 Nc6 7. Bg5 e5
8. d5 Ne7 9. h3 Ne8 10. g4 f6 11. Bh4 g5 12. Bg3 Ng6 13. Na3 Nf4 14. Bxf4 exf4
15. Qd3 Qe7 16. e5 f5 17. e6 Nf6 18. Qxf5 Rf7 19. Nxg5 Rf8 20. Nxh7 Re8 21.
O-O-O c6 22. Nxf6+ Bxf6 23. Qg6+ Bg7 24. Qh7+ Kf8 25. Bg6 Rd8 26. Bf7 Qf6 27.
g5 Qe5 28. Rde1 Qxg5 29. Rhg1 Qh6 30. e7+ Kxf7 31. Rxg7+ Qxg7 32. Qxg7+ Kxg7
33. exd8=Q 1-0

[Event "East Detroit (MCO/3/21)"]
[Site "?"]
[Date "1985.??.??"]
[Round "?"]
[White "Moody, David"]
[Black "Stefanski, Mark"]
[Result "1-0"]
[WhiteElo "2010"]
[BlackElo "1630"]
[PlyCount "43"]
[EventDate "1985.??.??"]

{3/(21)} 1. e4 e6 2. d4 d5 3. Nc3 Bb4 4. e5 c5 5. a3 cxd4 6. Qxd4 Nc6 7. Bb5
Ba5 8. b4 Bb6 9. Qg4 Kf8 10. Bxc6 bxc6 11. Nf3 Ne7 12. h4 Nf5 13. h5 Bxf2+ 14.
Kxf2 Qb6+ 15. Ke1 Ne3 16. Bxe3 Qxe3+ 17. Ne2 Ba6 18. Nfd4 Qxe5 19. Qg3 Qe4 20.
Rh4 Rd8 21. Rxe4 dxe4 22. Qc7 1-0

[Event "East Lansing (MI Op/5/27)"]
[Site "?"]
[Date "1985.??.??"]
[Round "?"]
[White "Moody, David"]
[Black "Moore, Robert"]
[Result "0-1"]
[WhiteElo "2060"]
[BlackElo "1815"]
[PlyCount "34"]
[EventDate "1985.??.??"]

{5/(27)} 1. e4 c5 2. Nf3 d6 3. d4 cxd4 4. Nxd4 Nf6 5. Nc3 a6 6. Bg5 e6 7. f4
Be7 8. Qf3 Nc6 9. O-O-O Nxd4 10. Rxd4 Qb6 11. Rd1 Bd7 12. e5 Bc6 13. Qd3 dxe5
14. fxe5 Rd8 15. Qg3 Rxd1+ 16. Kxd1 Nh5 17. Qe3 Qd8+ 0-1

[Event "East Lansing (MI Op/3/18)"]
[Site "?"]
[Date "1985.??.??"]
[Round "?"]
[White "Moody, David"]
[Black "Gipson, John"]
[Result "0-1"]
[WhiteElo "2060"]
[BlackElo "1920"]
[PlyCount "20"]
[EventDate "1985.??.??"]

{3/(18)} 1. e4 e6 2. d4 d5 3. Nc3 Nf6 4. Bg5 Be7 5. e5 Nfd7 6. h4 a6 7. Qg4
Bxg5 8. hxg5 c5 9. g6 f5 10. Rxh7 fxg4 0-1

[Event "East Detroit (MCO/5/7)"]
[Site "?"]
[Date "1985.??.??"]
[Round "?"]
[White "Moody, David"]
[Black "Finegold, Ron"]
[Result "0-1"]
[WhiteElo "2010"]
[BlackElo "2095"]
[PlyCount "56"]
[EventDate "1985.??.??"]

{5/(7)} 1. e4 e6 2. d4 c5 3. d5 exd5 4. exd5 d6 5. Be2 Nf6 6. Nf3 Be7 7. O-O
O-O 8. h3 Re8 9. Bf4 Bf8 10. Nc3 Na6 11. Nd2 Nc7 12. Nc4 b5 13. Ne3 a6 14. Bf3
Nd7 15. Bg3 Ne5 16. Ne4 Ra7 17. b3 f5 18. Nc3 Qf6 19. Bxe5 dxe5 20. Qd2 Bd6 21.
a4 Rb7 22. axb5 axb5 23. Ra5 Bd7 24. Rfa1 e4 25. Be2 Be5 26. Ned1 b4 27. Na4
Bd4 28. Nxc5 Bxc5 0-1

[Event "Westland (SEMO/1a/2)"]
[Site "?"]
[Date "1985.??.??"]
[Round "?"]
[White "Moody, David"]
[Black "Barth, J.."]
[Result "0-1"]
[WhiteElo "2015"]
[BlackElo "2405"]
[PlyCount "83"]
[EventDate "1985.??.??"]

1. e4 c5 2. Nf3 Nc6 3. d4 cxd4 4. Nxd4 Nf6 5. Nc3 d6 6. Be2 e5 7. Nb3 Be7 8.
Be3 Be6 9. O-O O-O 10. Qd2 a5 11. Rad1 a4 12. Nc1 a3 13. bxa3 Rxa3 14. f3 Qa5
15. Nb3 Qb4 16. Bb5 Rc8 17. Bxc6 Rxc6 18. Nd5 Qxd2 19. Nxe7+ Kf8 20. Bxd2 Kxe7
21. Bb4 Rxa2 22. Rf2 Rb6 23. Nc1 Ra1 24. c3 Bb3 25. Rdf1 Bc4 26. Rd1 Ke6 27.
Rfd2 Raa6 28. Nd3 Bxd3 29. Rxd3 Nd7 30. Kf2 f6 31. Ke3 Nc5 32. Rd5 Rc6 33. g4
Rab6 34. Ba3 g5 35. Kf2 Na4 36. R5d3 Nxc3 37. R1d2 Nb5 38. Bb2 Nc7 39. Kg3 Ke7
40. h4 gxh4+ 41. Kxh4 Ne6 42. Kh5 0-1

[Event "East Detroit (MCO/1/21)"]
[Site "?"]
[Date "1985.??.??"]
[Round "?"]
[White "Moody, David"]
[Black "Ball, Ed"]
[Result "0-1"]
[WhiteElo "2010"]
[BlackElo "1605"]
[PlyCount "78"]
[EventDate "1985.??.??"]

{1/(21)} 1. e4 c5 2. Nf3 d6 3. d4 cxd4 4. Nxd4 Nf6 5. Nc3 g6 6. Be3 Bg7 7. f3
Nc6 8. Bc4 O-O 9. Qd2 a6 10. O-O-O Bd7 11. h4 Rc8 12. Bb3 Na5 13. h5 Nxb3+ 14.
axb3 Ne8 15. hxg6 fxg6 16. Bh6 Bxh6 17. Qxh6 Rf7 18. Rh4 e5 19. Nde2 Be6 20. f4
exf4 21. Nxf4 Qf6 22. Rf1 Rc5 23. Rf3 Nc7 24. Nd3 Qg5+ 25. Qxg5 Rxg5 26. Nf4
Rxg2 27. Nxe6 Rxf3 28. Nxc7 Rf1+ 29. Nd1 Rgg1 30. c3 Rxd1+ 31. Kc2 Rdf1 32. Ne8
Rg2+ 33. Kd3 Rd1+ 34. Kc4 Rxb2 35. Nf6+ Kg7 36. Nxh7 a5 37. Ng5 b5+ 38. Kxb5
Rxb3+ 39. Ka4 Rb8 0-1

[Event "East Lansing (MI Op/1a/12)"]
[Site "?"]
[Date "1985.??.??"]
[Round "?"]
[White "Mitchell, S.."]
[Black "Winfield, J.."]
[Result "1-0"]
[WhiteElo "1960"]
[BlackElo "1745"]
[PlyCount "85"]
[EventDate "1985.??.??"]

1. Nc3 Nf6 2. e4 e5 3. f4 d6 4. Nf3 Nbd7 5. Bc4 Be7 6. d4 exd4 7. Qxd4 O-O 8.
Bd2 Nb6 9. Bd3 c5 10. Qf2 Ng4 11. Qg3 d5 12. h3 Nf6 13. e5 Nh5 14. Qf2 g6 15.
g4 Ng7 16. a4 Be6 17. O-O f5 18. g5 Rc8 19. a5 Nd7 20. a6 b6 21. Nb5 Ra8 22. c3
Rf7 23. Be2 Nf8 24. Be3 Qe8 25. Nc7 Qc6 26. Nxa8 Qxa8 27. Rfd1 Qc8 28. Ne1 Ne8
29. Nc2 Nc7 30. h4 h5 31. Na3 Nxa6 32. Nb5 Nb8 33. Rxa7 Nbd7 34. Rda1 Qb8 35.
Nc7 Bd8 36. Nxe6 Nxe6 37. Bb5 Ndf8 38. Ra8 Qb7 39. Qd2 d4 40. cxd4 Be7 41. d5
Nd4 42. Bxd4 cxd4 43. Bc6 1-0

[Event "East Detroit (MCO/1/25)"]
[Site "?"]
[Date "1985.??.??"]
[Round "?"]
[White "Mitchell, S.."]
[Black "Williams, C.."]
[Result "1-0"]
[WhiteElo "1960"]
[BlackElo "1605"]
[PlyCount "77"]
[EventDate "1985.??.??"]

{1/(25)} 1. Nc3 f5 2. e4 fxe4 3. d3 Nf6 4. dxe4 Nc6 5. Nf3 d6 6. Bc4 Na5 7. Bb3
Nxb3 8. axb3 g6 9. O-O Bg7 10. Qe2 O-O 11. h3 h6 12. Be3 b6 13. Qc4+ Kh7 14.
Nb5 a5 15. Nxc7 Rb8 16. Nd4 Qd7 17. Nde6 Rg8 18. Nxg7 Rxg7 19. Nd5 b5 20. Nxf6+
exf6 21. Qd4 Qd8 22. Qd2 g5 23. Qxa5 Qd7 24. Qc3 Rg6 25. Ra7 Bb7 26. Rd1 g4 27.
h4 g3 28. f3 h5 29. Qc5 Qg7 30. Qxh5+ Kg8 31. Qf5 Qh7 32. h5 Kf8 33. Qxg6 Qh8
34. Bf4 Ke7 35. Bxd6+ Ke6 36. Qf5+ Kf7 37. Bxb8 Qxb8 38. Rd7+ Ke8 39. Qe6+ 1-0